00987nam a2200277 a 45000010005000000030009000050050017000140080041000310200021000720200026000930200026001190200026001450350018001710400033001890410008002220820024002302450122002542600032003763000034004085040051004425050088004936500046005816500030006276500023006577000029006803083BD-RjUL)20211208233655.0131218s1972 enk b 001 0 eng  a0333109511 (v.1) a0333109570 (v.1, pbk) a0333109643 (v.2, hbk) a0333109732 (v.2, pbk) a(BD-RjUL)3117 aDLCcDLCdm.cdBD-RjUL)beng aeng 221a338.5bREA 197200aReadings in industrial economics /cedited by Charles K. Rowley.nVol. 2.pPrivate enterprise and state intervention. aLondon :bMacmillan,c1972. a2 v. xxviii, 274 p. ;c22 cm. aIncludes bibliographical references and index.0 aVol. 1. Theoretical foundations -- v. 2. Private enterprise and state intervention. 0aIndustrial organization (Economic theory) 0aExternalities (Economics) 0aIndustrial policy.1 aRowley, Charles Kershaw.